书目信息 |
| 题名: |
行走于教育与哲学之间
|
|
| 作者: | 冯俊 著 | |
| 分册: | ||
| 出版信息: | 石家庄 河北人民出版社 2007 |
|
| 页数: | 524页 | |
| 开本: | 23cm | |
| 丛书名: | ||
| 单 册: | ||
| 中图分类: | G40-53 , B-53 | |
| 科图分类: | ||
| 主题词: | 教育学--jiao yu xue--文集 , 哲学--zhe xue--文集 | |
| 电子资源: | ||
| ISBN: | 978-7-202-04525-1 | |
| 000 | 01008nam0 2200277 450 | |
| 001 | 012001003818 | |
| 005 | 20131027093909.0 | |
| 010 | @a978-7-202-04525-1@dCNY65.00 | |
| 099 | @aCAL 012007156141 | |
| 100 | @a20071206d2007 em y0chiy50 ea | |
| 101 | 0 | @achi |
| 102 | @aCN@b130000 | |
| 105 | @aak z 000yy | |
| 106 | @ar | |
| 200 | 1 | @a行走于教育与哲学之间@Axing zou yu jiao yu yu zhe xue zhi jian@e冯俊教育讲演录@f冯俊著 |
| 210 | @a石家庄@c河北人民出版社@d2007 | |
| 215 | @a524页@c图, 照片@d23cm | |
| 330 | @a本书为著名学者、中国人民大学副校长冯俊教授关于教育方面的讲演、访谈、序跋等类文章的首次结集出版。全书按内容分为教育理念篇、哲学教育篇、海外教育篇、教育管理篇、学风尊师篇、外文演讲篇、媒体报道篇。 | |
| 517 | 1 | @a冯俊教育讲演录@Afeng jun jiao yu jiang yan lu |
| 606 | 0 | @a教育学@Ajiao yu xue@j文集 |
| 606 | 0 | @a哲学@Azhe xue@j文集 |
| 690 | @aG40-53@v4 | |
| 690 | @aB-53@v4 | |
| 701 | 0 | @a冯俊@Afeng jun@4著 |
| 801 | 2 | @aCN@b江苏凤凰@c20191020 |
| 905 | @b1227671-4@dG40-53@e1013@f4 | |
| 行走于教育与哲学之间:冯俊教育讲演录/冯俊著.-石家庄:河北人民出版社,2007 |
| 524页:图, 照片;23cm |
| ISBN 978-7-202-04525-1:CNY65.00 |
| 本书为著名学者、中国人民大学副校长冯俊教授关于教育方面的讲演、访谈、序跋等类文章的首次结集出版。全书按内容分为教育理念篇、哲学教育篇、海外教育篇、教育管理篇、学风尊师篇、外文演讲篇、媒体报道篇。 |
| ● |
| 相关链接 |
|
|
|
|
正题名:行走于教育与哲学之间
索取号:G40-53/1013
 
预约/预借
| 序号 | 登录号 | 条形码 | 馆藏地/架位号 | 状态 | 备注 |
| 1 | 1227671 | 212276712 | 第一样本阅览室/ [索取号:G40-53/1013] | 在馆 | |
| 2 | 1227672 | 212276721 | 教育系资料室/ [索取号:G40-53/1013] | 在馆 | |
| 3 | 1227673 | 212276730 | 教育系资料室/ [索取号:G40-53/1013] | 在馆 | |
| 4 | 1227674 | 212276749 | 第四借阅区/ [索取号:G40-53/1013] | 在馆 |